Calidad de sistemas de información basada en estándares internacionales (Registro nro. 13757)
[ vista simple ]
| 000 -Cabecera | |
|---|---|
| Campo de control de longitud fija | 01076nam a22003737a 4500 |
| 005 - Fecha y hora de la última transacción | |
| Campo de control | 20250407144839.0 |
| 008 - Elementos de longitud fija--Información general | |
| Campo de control de longitud fija | 250407b |||||||| |||| 00| 0 spa d |
| 020 ## - International Standard Book Number | |
| Número Internacional Estándar del Libro (ISBN) | 9798840673645 |
| 041 ## - Idioma | |
| Código de idioma | Español |
| 082 ## - Clasificación Decimal Dewey | |
| Número de clasificación | 658.403.801.1 P583c6 |
| 100 ## - Entrada principal--Autor personal | |
| Nombre personal | Piattini Velthuis, Mario G. |
| 100 ## - Entrada principal--Autor personal | |
| Nombre personal | García Rubio, Félix O. |
| 100 ## - Entrada principal--Autor personal | |
| Nombre personal | García Rodríguez de Guzmán, Ignacio |
| 100 ## - Entrada principal--Autor personal | |
| Nombre personal | Pino Correa, Francisco J. |
| 245 ## - Título propiamente dicho | |
| Título | Calidad de sistemas de información basada en estándares internacionales |
| 250 ## - Edición | |
| Mención de edición | 6 edición |
| 260 ## - Pie de imprenta | |
| Lugar de publicación, distribución, etc. | España |
| 260 ## - Pie de imprenta | |
| Nombre del editor, distribuidor, etc. | AQC Lab |
| 260 ## - Pie de imprenta | |
| Fecha de publicación, distribución, etc. | 2022 |
| 300 ## - Descripción física | |
| Extensión | 403 páginas |
| 650 ## - Materia general | |
| Temática (materia general) | GESTIÓN DE CALIDAD |
| 650 ## - Materia general | |
| Temática (materia general) | MODELOS DE CALIDAD |
| 650 ## - Materia general | |
| Temática (materia general) | NORMAS DE CALIDAD |
| 650 ## - Materia general | |
| Temática (materia general) | SISTEMAS DE INFORMACIÓN |
| 650 ## - Materia general | |
| Temática (materia general) | GESTIÓN DEL CONOCIMIENTO |
| 650 ## - Materia general | |
| Temática (materia general) | CALIDAD DE PROYECTOS |
| 650 ## - Materia general | |
| Temática (materia general) | CALIDAD DE SERVICIOS |
| 650 ## - Materia general | |
| Temática (materia general) | CALIDAD DE PRODUCTO SOFTWARE |
| 650 ## - Materia general | |
| Temática (materia general) | CICLO DE VIDA |
| 650 ## - Materia general | |
| Temática (materia general) | MEJORA DE PROCESOS |
| 650 ## - Materia general | |
| Temática (materia general) | HERRAMIENTAS DE CALIDAD |
| 942 ## - Punto de acceso adicional KOHA | |
| Fuente del sistema de clasificación o colocación | Dewey Decimal Classification |
| Tipo de ítem KOHA | Libro |
| Signatura completa | Código de barras | Programa Académico | Tipo de ítem |
|---|---|---|---|
| 658.403.801.1 P583c6 | 25928 | Gestión de Calidad | Libro |
| 658.403.801.1 P583c6 | 25929 | Gestión de Calidad | Libro |